| Поле | Инд. | ПП | Название | Значение |
|---|---|---|---|---|
| Тип записи | a | |||
| Библиографический уровень | m | |||
| 001 | Контрольный номер | 339eabbd-dd37-4291-bcaa-09bd8c75ffe1 | ||
| 005 | Дата корректировки | 20140703164844.1 | ||
| 008 | Кодируемые данные | 080530 | ||
| 020 | a | ISBN | 978-5-238-01437-1 | |
| c | Цена, тираж | 297.00 | ||
| 040 | a | Служба первич. каталог. | НБ ТвГУ | |
| 041 | a | Код языка текста | rus | |
| 080 | a | Индекс УДК | 159.9:005.95(075.8) | |
| 084 | a | Индекс другой классификации/Индекс ББК | Ю959я73-1 | |
| a | Индекс другой классификации/Индекс ББК | С823.3я73-1 | ||
| a | Индекс другой классификации/Индекс ББК | С84я73-1 | ||
| 090 | x | Авторский знак | Б19 | |
| a | Полочн. индекс | Ю959 | ||
| 100 | 1_ | a | Автор | Бакирова Гузэль Хафазовна |
| 245 | 10 | a | Заглавие | Психология эффективного стратегического управления персоналом |
| b | Продолж. заглавия | учеб. пособие для студентов вузов, обучающихся по специальностям "Психология" (03031), "Менеджмент организации (080507), "Управление персоналом" (080505) | ||
| c | Ответственность | Г. Х. Бакирова | ||
| 260 | 0_ | a | Место издания | Москва |
| c | Дата издания | 2008 | ||
| b | Издательство | ЮНИТИ | ||
| 300 | a | Объем | 591 с. | |
| b | Иллюстрации/ тип воспроизводства | ил., табл. | ||
| 440 | a | Серия | Magister | |
| 504 | a | Библиография | Библиогр.: с. 548-559. | |
| 583 | a | Действие | Получение впервые 139 29.05.2008 | |
| k | Исполнитель действия | ООО "Издательство ЮНИТИ-ДАНА" | ||
| 650 | a | Основная рубрика | Управление персоналом | |
| x | Основная подрубрика | Психология | ||
| x | Основная подрубрика | Учебники для вузов | ||
| 650 | a | Основная рубрика | Организации | |
| x | Основная подрубрика | Менеджмент | ||
| x | Основная подрубрика | Персонал | ||
| 653 | a | Ключевые слова | Кадровый менеджмент | |
| a | Ключевые слова | Лидерство | ||
| a | Ключевые слова | Менеджмент | ||
| a | Ключевые слова | Организационная культура | ||
| a | Ключевые слова | Организационная структура | ||
| a | Ключевые слова | Психология управления персоналом | ||
| a | Ключевые слова | Руководитель | ||
| a | Ключевые слова | Социально-психологические тренинги | ||
| a | Ключевые слова | Стратегический менеджмент | ||
| a | Ключевые слова | Тесты | ||
| a | Ключевые слова | Управление персоналом | ||
| 852 | t | Порядковый номер экземпляра | 1 | |
| p | Инвентарный номер | 910321 | ||
| 852 | t | Порядковый номер экземпляра | 1 | |
| p | Инвентарный номер | 910322 | ||
| 852 | t | Порядковый номер экземпляра | 1 | |
| p | Инвентарный номер | 910323 | ||
| 863 | t | 00239894 | ||
| 863 | t | 00239895 | ||
| 863 | t | 00239896 | ||
| 888 | a | За счет средств университета | ||
| 910 | a | гриф есть** | ||
| 930 | a | Новая/Ретро | учебники | |
| 940 | a | ФУС | ||
| d | кадровый консалтинг | |||
| 952 | p | 139.2008 297.00 1 910321 | ||
| p | 139.2008 297.00 1 910322 | |||
| p | 139.2008 297.00 1 910323 | |||
| c | Вид литературы | К ру | ||
| 954 | a | Дата поступления на обработку | 20080602 | |
| 990 | a | Автор заказа (DOS) | каф. менеджмента | |
| b | Заказано (DOS) | 3 | ||
| 999 | a | Подразделение 2 | Фил1 | |
| a | Подразделение 2 | аб. | ||
| a | Подразделение 2 | ч.з. |